| 000 | 00795cab a2200229 4500 | ||
|---|---|---|---|
| 001 | ABS52372 | ||
| 008 | 090401t1995 xxu||||| |||| 00| 0 eng d | ||
| 035 | _a(Sirsi) u75051 | ||
| 041 | _aeng | ||
| 100 | _aClark, J. | ||
| 245 | _a1995 Rating Revaluation | ||
| 260 | _c1995 | ||
| 350 | _a0 | ||
| 490 |
_aProperty Review _v5(1) February 1995, 13-16(4) |
||
| 520 | _aAn examination of the 1995 rating revaluation, discussing the impact, transition, poundage, notification, appeal procedures, empty rates and valuation. Includes a table of the estimates of impact of 1995 revaluation on rateable value, by region. | ||
| 650 | _aAPPEAL PROCEDURE | ||
| 650 | _aBUSINESS RATES | ||
| 650 | _aRATING REVALUATION 1995 | ||
| 690 | _aRATING AND VALUATION | ||
| 942 | _n0 | ||
| 948 | _c04/03/1997 | ||
| 999 |
_c47282 _d47282 |
||